Materials science of thin films (Record no. 352)

000 -LEADER
fixed length control field 00566nam a22002174a 4500
001 - CONTROL NUMBER
control field 352
003 - CONTROL NUMBER IDENTIFIER
control field BD-DhUET
008 - FIXED-LENGTH DATA ELEMENTS--GENERAL INFORMATION
fixed length control field 010328s2002 caua b 001 0 eng
020 ## - INTERNATIONAL STANDARD BOOK NUMBER
International Standard Book Number 9780125249850
020 ## - INTERNATIONAL STANDARD BOOK NUMBER
International Standard Book Number 9789381269534
040 ## - CATALOGING SOURCE
Original cataloging agency DLC
Transcribing agency 0
Modifying agency BD-DhUET
082 00 - DEWEY DECIMAL CLASSIFICATION NUMBER
Classification number 623.8152
Item number OHR/2002
100 ## - MAIN ENTRY--PERSONAL NAME
Personal name Ohring, Milton
245 10 - TITLE STATEMENT
Title Materials science of thin films
Remainder of title deposition and structure
250 ## - EDITION STATEMENT
Edition statement 2nd ed.
260 ## - PUBLICATION, DISTRIBUTION, ETC. (IMPRINT)
Place of publication, distribution, etc. New Delhi
Name of publisher, distributor, etc. Academic Press
Date of publication, distribution, etc. 2002
300 ## - PHYSICAL DESCRIPTION
Extent xxi, 794 p.
Other physical details
504 ## - BIBLIOGRAPHY, ETC. NOTE
Bibliography, etc Includes bibliographies
650 #0 - SUBJECT ADDED ENTRY--TOPICAL TERM
Topical term or geographic name as entry element Thin films
942 ## - ADDED ENTRY ELEMENTS (KOHA)
Koha item type General Book
Holdings
Koha issues (times borrowed) Koha out on loan Lost status Date acquired Source of classification or shelving scheme Koha item type Not for loan Shelving location Copy number Koha full call number Location (home branch) Koha date last borrowed Sublocation or collection (holding branch) Koha normalized classification for sorting Piece designation (barcode) Damaged status Price effective from Koha date last seen Withdrawn status
   2014-07-20 General Book Circulation section1623.8152/OHR/2002Central Library, BUET Central Library, BUET623_000000000000000_8152OHR200111604 2014-07-202014-07-20 
1  2016-06-18 General Book Circulation section2623.8152/OHR/2002Central Library, BUET2023-11-08Central Library, BUET623_815200000000000_OHR_2002114734 2016-10-022024-06-12 
12025-01-12 2016-06-18 General Book Circulation section3623.8152/OHR/2002Central Library, BUET2024-01-13Central Library, BUET623_815200000000000_OHR_2002114735 2016-10-022024-01-13 
   2018-06-27 General Book Reading section4623.8152/OHR/2002Central Library, BUET Central Library, BUET623_815200000000000_OHR_2002116652 2018-09-222018-09-22